RNA - like structures tag the 3' ends of genomic RNA molecules for replication (Registro nro. 12666)

Detalles MARC
000 -CABECERA
Campo de control 005420000a22001570004500
090 ## - CLASIFICACIÓN LOCAL
Colección AR
Consecutivo 03618
041 0# - IDIOMA
Código de idioma para texto/pista de sonido o título separado
100 1# - ASIENTO PRINCIPAL--NOMBRE PERSONAL
Nombre personal Weiner, Alan M.
245 10 - MENCION DE TITULO
Título RNA - like structures tag the 3' ends of genomic RNA molecules for replication
Version implications for the origin of protein synthesis
650 14 - ASIENTO SECUNDARIO DE MATERIA - TERMINO TEMATICO
Término temático o nombre geográfico como elemento de entrada Análisis genético
650 14 - ASIENTO SECUNDARIO DE MATERIA - TERMINO TEMATICO
Término temático o nombre geográfico como elemento de entrada Evolución
650 14 - ASIENTO SECUNDARIO DE MATERIA - TERMINO TEMATICO
Término temático o nombre geográfico como elemento de entrada Biología molecular
700 1# - ASIENTO SECUNDARIO - NOMBRE PERSONAL
Nombre personal Maizels, Nancy
773 1# - Item fuente:
Título Proceedings Natl. Acad. Sci. USA
Paginas del Articulo 7383-7387
Lugar, editorial y fecha de publicación 1987
Información sobre la relación 84
942 ## - ELEMENTOS ADICIONALES (KOHA)
Tipo de ítem Artículo
Existencias
Withdrawn status Lost status Damaged status No para préstamo Colección Ubicación Permanente Ubicación actual Fecha de adquisición Fuente de Valor Datos de publicación Seriada Total Checkouts Número topográfico Inventario / Código de Barras Date last seen Price effective from Forma de adquisición Tipo de material
      No para Préstamo Hemeroteca Bogotá Bogotá 27/02/2015 Ospina, Fabiola Fuera de circulación   AR 03618 017175 25/03/2015 25/03/2015   Artículo